[Event "Open Nord 2016/2017"]
[Site "Meyreuil"]
[Date "2016.12.09"]
[Round "4"]
[White "Pietrac, Christian"]
[Black "Schiano-Lomoriello, Didier"]
[Result "1-0"]
[WhiteElo "1226"]
[BlackElo "1601"]
[PlyCount "51"]

1. Nf3 d5 2. g3 Nf6 3. Bg2 g6 4. b3 Bg7 5. Bb2 O-O 6. d3 b6 7. O-O Bb7 8. Nbd2
c5 9. Re1 Nc6 10. e4 dxe4 11. dxe4 Qc7 12. e5 Nd7 13. Rb1 e6 14. Nc4 Rfd8 15.
Qc1 Rab8 16. Qf4 f6 17. a3 b5 18. Nd6 Ndxe5 19. Nxb7 Rxb7 20. Nxe5 fxe5 21. Qg4
Qc8 22. Rbd1 Rxd1 23. Rxd1 Re7 24. Qg5 Rc7 25. Bxc6 Rxc6 26. Rd8+ 1-0

[Event "Open Nord 2016/2017"]
[Site "Meyreuil"]
[Date "2016.12.09"]
[Round "4"]
[White "Chauvet, Joelle"]
[Black "Fastier, Adrien"]
[Result "1-0"]
[WhiteElo "1467"]
[BlackElo "1293"]
[PlyCount "61"]

1. d4 Nf6 2. c4 e6 3. Nc3 Bb4 4. Bd2 O-O 5. Nf3 b6 6. e3 Bb7 7. Be2 Nc6 8. O-O
Ne7 9. a3 Bxc3 10. Bxc3 Ne4 11. Qc2 f5 12. Bd3 Nxc3 13. Qxc3 Bxf3 14. gxf3 Ng6
15. Be2 f4 16. Rad1 Nh4 17. Kh1 Rf6 18. Rg1 Rh6 19. d5 Nf5 20. e4 Qh4 21. Rg2
Ng3+ 22. fxg3 fxg3 23. Qe5 Qxh2+ 24. Rxh2 Rxh2+ 25. Kg1 Rh6 26. dxe6 Rxe6 27.
Qxc7 h5 28. Rxd7 Rg6 29. Qe5 h4 30. Qh5 Rh6 31. Qf7+ 1-0

[Event "Open Nord 2016/2017"]
[Site "Meyreuil"]
[Date "2016.12.09"]
[Round "4"]
[White "Burmonas, Solange"]
[Black "Mignemi, Denis"]
[Result "1/2-1/2"]
[WhiteElo "1270"]
[BlackElo "1492"]
[PlyCount "88"]

1. e4 d5 2. exd5 Qxd5 3. Nc3 Qa5 4. Nf3 c6 5. Be2 Bf5 6. d3 Nf6 7. h3 e6 8. Bd2
Qc7 9. Be3 Nbd7 10. Qd2 Bd6 11. O-O-O Bb4 12. a3 Bd6 13. g3 Nb6 14. Nd4 Bg6 15.
Bg5 O-O-O 16. Bxf6 gxf6 17. f4 Bxa3 18. Ndb5 Bxb2+ 19. Kxb2 cxb5 20. Nxb5 Qb8
21. Qc3+ Kd7 22. Qb3 a6 23. Nc3 Qd6 24. Ne4 Qc6 25. Ra1 Kc7 26. Qc3 Qxc3+ 27.
Kxc3 Nd5+ 28. Kd2 Bxe4 29. dxe4 Nxf4+ 30. Ke3 Nxe2 31. Kxe2 Rd7 32. Kf3 Rhd8
33. Kf4 Rd2 34. Rac1 a5 35. c4 a4 36. Ra1 R8d4 37. Rxa4 Rc2 38. Ke3 Rdxc4 39.
Rxc4+ Rxc4 40. Kd3 Rc6 41. Rf1 e5 42. g4 h6 43. h4 b5 44. Ra1 b4 1/2-1/2

[Event "Open Nord 2016/2017"]
[Site "Meyreuil"]
[Date "2016.12.09"]
[Round "4"]
[White "Ribelles, Anthony"]
[Black "Pinto, Axel"]
[Result "1-0"]
[WhiteElo "1384"]
[BlackElo "1060"]
[PlyCount "115"]

1. e4 e5 2. Nf3 Nc6 3. d4 exd4 4. Nxd4 Nf6 5. Nxc6 bxc6 6. e5 Qe7 7. Qe2 Nd5 8.
c4 Ba6 9. b3 g6 10. f4 Bg7 11. Qe4 f5 12. Qf3 Nb6 13. Bb2 O-O-O 14. Be2 Bb7 15.
Nc3 d6 16. exd6 cxd6 17. O-O Rhe8 18. Rfe1 Qe3+ 19. Kh1 Qxf3 20. Bxf3 Rxe1+ 21.
Rxe1 Bh6 22. g3 c5 23. Bxb7+ Kxb7 24. Re7+ Rd7 25. Rxd7+ Nxd7 26. Nd5 g5 27.
Kg2 Kc8 28. Ne7+ Kc7 29. Nxf5 Bf8 30. fxg5 Nb6 31. Ne3 Be7 32. Bf6 Kd7 33. Bxe7
Kxe7 34. Kf3 Kf7 35. Kf4 Kg6 36. h4 a5 37. Nd5 Nxd5+ 38. cxd5 Kf7 39. Kf5 Ke7
40. h5 Kf7 41. g4 Ke7 42. g6 hxg6+ 43. Kxg6 a4 44. bxa4 c4 45. h6 c3 46. h7 c2
47. h8=Q c1=Q 48. Qg7+ Kd8 49. Qf8+ Kd7 50. Qf7+ Kd8 51. Qf6+ Kc7 52. Qe7+ Kc8
53. Qxd6 Qb1+ 54. Kf6 Qxa2 55. Qe6+ Kd8 56. Qd6+ Kc8 57. Ke7 Qe2+ 58. Qe6+ 1-0

[Event "Open Nord 2016/2017"]
[Site "Meyreuil"]
[Date "2016.12.09"]
[Round "4"]
[White "Lupinacci, Patrick"]
[Black "Gourdeau, Marie-Christine"]
[Result "1-0"]
[WhiteElo "1483"]
[BlackElo "1394"]
[PlyCount "57"]

1. Nf3 d5 2. d4 Nf6 3. c4 c6 4. Nc3 e6 5. e3 Nbd7 6. Bd3 g6 7. e4 dxc4 8. Bxc4
Bg7 9. e5 Nd5 10. Ne4 O-O 11. O-O N7b6 12. Bb3 Bd7 13. Nd6 Qc7 14. Bd2 Nc8 15.
Ne4 Ncb6 16. Qc1 a5 17. a3 Ne7 18. Bh6 Nf5 19. Bxg7 Kxg7 20. Nf6 Nd5 21. Bxd5
exd5 22. Qd2 Be6 23. Rac1 Rac8 24. Rfe1 b6 25. Qf4 Qa7 26. g4 Nh6 27. h3 Qe7
28. Qg5 c5 29. Nh5+ 1-0

[Event "Open Nord 2016/2017"]
[Site "Meyreuil"]
[Date "2016.12.09"]
[Round "4"]
[White "Hidreau, Olivier"]
[Black "Perdiolat, Francis"]
[Result "0-1"]
[WhiteElo "1426"]
[BlackElo "1460"]
[PlyCount "88"]

1. e4 d6 2. d4 Nf6 3. Nc3 g6 4. Bg5 Bg7 5. f4 O-O 6. e5 dxe5 7. fxe5 Ne8 8. Bc4
Nc6 9. Nf3 Bg4 10. Qd2 Bxf3 11. gxf3 Qxd4 12. Qxd4 Nxd4 13. O-O-O Nc6 14. f4
Kh8 15. Bh4 Bh6 16. Bg5 Bxg5 17. fxg5 Nxe5 18. Be2 Nd6 19. Rhf1 c6 20. a3 Kg7
21. h4 Nec4 22. Rd3 Rad8 23. h5 f6 24. h6+ Kh8 25. Rdf3 f5 26. Nd1 Ne5 27. Re3
Nef7 28. Rxe7 Nxg5 29. Ne3 Rfe8 30. Rxe8+ Rxe8 31. Kd2 Nde4+ 32. Kd3 Rd8+ 33.
Nd5 Rxd5+ 34. Ke3 Ng3 35. Rf2 Nxe2 36. Kxe2 Nf7 37. Rf3 Nxh6 38. Re3 Rd7 39.
Re8+ Kg7 40. Rb8 g5 41. Re8 f4 42. Kf3 Nf7 43. Re4 h5 44. b3 h4 0-1

[Event "Open Nord 2016/2017"]
[Site "Meyreuil"]
[Date "2016.12.09"]
[Round "4"]
[White "Lognos, Lina"]
[Black "Amoros, Jean"]
[Result "0-1"]
[WhiteElo "1062"]
[BlackElo "1455"]
[PlyCount "24"]

1. c4 e5 2. Nc3 Bb4 3. e3 Bxc3 4. bxc3 Nf6 5. Ne2 O-O 6. g3 d5 7. cxd5 Qxd5 8.
Rg1 Bg4 9. Bg2 Bf3 10. Bxf3 Qxf3 11. Bb2 Ng4 12. Nc1 Qxf2# 0-1

[Event "Open Nord 2016/2017"]
[Site "Meyreuil"]
[Date "2016.12.09"]
[Round "4"]
[White "Salvi, Angele"]
[Black "Bouriel, Michel"]
[Result "0-1"]
[WhiteElo "1043"]
[BlackElo "1452"]
[PlyCount "58"]

1. e4 c5 2. Nc3 d6 3. Nf3 Nf6 4. d4 cxd4 5. Nxd4 g6 6. Bg5 Bg7 7. Qd2 Qb6 8.
Na4 Qd8 9. f3 O-O 10. Bh6 a6 11. Bxg7 Kxg7 12. O-O-O b5 13. Nc3 b4 14. Nb1 a5
15. c3 bxc3 16. Nxc3 Bd7 17. a4 Qc7 18. Ndb5 Qc8 19. Kb1 Nc6 20. Nd5 Nxd5 21.
exd5 Ne5 22. Rc1 Qb7 23. b3 Bf5+ 24. Ka2 Rfc8 25. Nc3 Rab8 26. Bb5 Nd3 27. Bxd3
Qxb3+ 28. Ka1 Bxd3 29. Qa2 Rxc3 0-1

[Event "Open Nord 2016/2017"]
[Site "Meyreuil"]
[Date "2016.12.09"]
[Round "4"]
[White "Burmonas, Marc"]
[Black "Schoeni, Christine"]
[Result "1/2-1/2"]
[WhiteElo "1180"]
[BlackElo "1102"]
[PlyCount "62"]

1. e4 e5 2. Bc4 d6 3. d3 Nf6 4. Nf3 Be7 5. c3 Be6 6. Bxe6 fxe6 7. Be3 Ng4 8.
Bd2 Nd7 9. h3 Ngf6 10. Be3 c5 11. Nbd2 Qb6 12. Rb1 Nh5 13. Ng5 Bxg5 14. Bxg5
Nhf6 15. O-O O-O-O 16. Nf3 h6 17. Be3 Rdf8 18. Nh4 Rhg8 19. Ng6 Re8 20. c4 Nf8
21. Nxf8 Rexf8 22. a3 Qc7 23. b4 Nd7 24. b5 b6 25. a4 g5 26. g4 Nb8 27. Bd2 Rh8
28. Kg2 Rfg8 29. f3 Qh7 30. Rh1 Nd7 31. Ra1 Kc7 1/2-1/2

[Event "Open Nord 2016/2017"]
[Site "Meyreuil"]
[Date "2016.12.09"]
[Round "4"]
[White "Renoulet, Francoise"]
[Black "Gougeon, Hugo"]
[Result "0-1"]
[WhiteElo "1110"]
[BlackElo "1099"]
[PlyCount "48"]

1. c4 e5 2. Nc3 f5 3. e3 Nf6 4. Nge2 Nc6 5. g3 b6 6. Bg2 Ba6 7. b3 Qe7 8. O-O
O-O-O 9. Qc2 d5 10. Qxf5+ Kb8 11. d3 Bc8 12. Qf3 e4 13. dxe4 dxe4 14. Nxe4 Nxe4
15. Nd4 Nxd4 16. Qxe4 Qxe4 17. Bxe4 Ne6 18. f4 Nc5 19. Bc2 Nd3 20. Rd1 Bf5 21.
Bxd3 Bxd3 22. Bd2 Bc2 23. Re1 Rxd2 24. Rec1 Ba3 0-1

[Event "Open Nord 2016/2017"]
[Site "Meyreuil"]
[Date "2017.01.20"]
[Round "5"]
[White "Mamah, Isabelle"]
[Black "Arthaud, Geoffrey"]
[Result "1-0"]
[WhiteElo "1905"]
[BlackElo "1605"]
[PlyCount "67"]

1. e4 e5 2. Nf3 Nc6 3. Bc4 Nf6 4. d3 Be7 5. a4 O-O 6. O-O d6 7. h3 h6 8. c3 Bd7
9. Re1 Re8 10. Nbd2 Nh5 11. Nxe5 Nxe5 12. Qxh5 Nxc4 13. Nxc4 a5 14. Bf4 b6 15.
Ne3 Qc8 16. Bg3 Bf8 17. Nd5 Rb8 18. c4 c6 19. Nc3 Rb7 20. Re3 Be6 21. Rae1 Qd8
22. Kh1 g6 23. Qf3 Bg7 24. Qf4 Rd7 25. Qf3 Kh7 26. R3e2 Bd4 27. Nd1 Rb7 28. Bf4
Bc8 29. Bd2 Rbe7 30. Bc3 Be5 31. Ne3 Rf8 32. Ng4 Bxg4 33. Qxg4 f6 34. d4 1-0

[Event "Open Nord 2016/2017"]
[Site "Meyreuil"]
[Date "2017.01.20"]
[Round "5"]
[White "Pelopidas, Florian"]
[Black "Andriamandimbisoa, Mathieu"]
[Result "1-0"]
[WhiteElo "1689"]
[BlackElo "1760"]
[PlyCount "59"]

1. d4 Nf6 2. c4 g6 3. Nc3 Bg7 4. e4 d6 5. Nf3 O-O 6. Be2 e5 7. O-O Nc6 8. d5
Ne7 9. b4 a5 10. Ba3 axb4 11. Bxb4 Nd7 12. a4 Nc5 13. Nd2 Na6 14. Ba3 f5 15.
Nb5 fxe4 16. Nxe4 Bf5 17. f3 Bh6 18. Qb3 Kh8 19. c5 Bxe4 20. fxe4 dxc5 21.
Rxf8+ Bxf8 22. Bb2 Bg7 23. Rd1 Nc8 24. d6 cxd6 25. Qd5 Qb6 26. Bc4 Ne7 27. Qe6
Nc6 28. Nxd6 h6 29. Ne8 Rxe8 30. Qxe8+ 1-0

[Event "Open Nord 2016/2017"]
[Site "Meyreuil"]
[Date "2017.01.20"]
[Round "5"]
[White "Salvi, Michel"]
[Black "Lemarchand, Fabien"]
[Result "0-1"]
[WhiteElo "1703"]
[BlackElo "1643"]
[PlyCount "156"]

1. e4 c5 2. Nf3 Nc6 3. Bb5 g6 4. Bxc6 bxc6 5. d4 Bg7 6. O-O cxd4 7. Nxd4 Nf6 8.
Nc3 O-O 9. e5 Nd5 10. Nxd5 cxd5 11. Re1 Rb8 12. Rb1 e6 13. b3 f6 14. f4 fxe5
15. fxe5 Ba6 16. Ba3 Rf7 17. Bd6 Rc8 18. a4 Bf8 19. Bxf8 Qxf8 20. Qd2 Qd8 21.
b4 Bc4 22. a5 Qh4 23. b5 Rcf8 24. Nf3 Qg4 25. Qg5 Qxg5 26. Nxg5 Rf2 27. b6 axb6
28. axb6 Rxc2 29. b7 Rb8 30. Rb6 d4 31. Ne4 d3 32. Rd1 d2 33. Kf2 Bd5 34. Nf6+
Kf7 35. Nxd5 exd5 36. Ke2 Rc6 37. Rf1+ Ke6 38. Rfb1 Kxe5 39. Kxd2 Kd6 40. Kd3
Rxb6 41. Rxb6+ Kc7 42. Rf6 Rxb7 43. Kd4 Rb2 44. Rf7 h5 45. h4 Rb4+ 46. Kxd5
Rxh4 47. Rf2 Rg4 48. Rc2+ Kd8 49. Kd6 Ke8 50. Re2+ Kd8 51. Rf2 Re4 52. Rf8+ Re8
53. Rf7 Re6+ 54. Kd5 Ke8 55. Rg7 Kd8 56. Kc5 Kc7 57. Kd5 Rd6+ 58. Kc5 Rc6+ 59.
Kd5 Rf6 60. Ke5 Rf5+ 61. Ke4 Rg5 62. Kf3 Kd6 63. g3 Ke6 64. Rg8 Rg4 65. Re8+
Kd5 66. Rc8 Kd4 67. Rd8 d5 68. Rc8 Kd3 69. Ra8 d4 70. Rc8 Kd2 71. Kf2 Rg5 72.
Rc6 d3 73. Kf3 Kd1 74. Kf2 d2 75. Rd6 Rc5 76. Ke3 Rc3+ 77. Kf2 Kc1 78. Ke2 Rc2
0-1

[Event "Open Nord 2016/2017"]
[Site "Meyreuil"]
[Date "2017.01.20"]
[Round "5"]
[White "Pietrac, Christian"]
[Black "Graells, Christian"]
[Result "0-1"]
[WhiteElo "1245"]
[BlackElo "1611"]
[PlyCount "120"]

1. Nf3 d5 2. g3 Nf6 3. d3 c5 4. Bg2 Nc6 5. O-O e6 6. e4 Be7 7. exd5 exd5 8. Re1
O-O 9. c4 d4 10. a3 Bg4 11. Nbd2 a5 12. Ne4 b6 13. Nxf6+ Bxf6 14. Qb3 Bd7 15.
Bf4 a4 16. Qc2 Ra7 17. Ne5 Na5 18. Nxd7 Qxd7 19. Re4 Nc6 20. Rae1 Nd8 21. Be5
Bg5 22. h4 f5 23. R4e2 Bh6 24. Bd5+ Nf7 25. Qd1 Qd8 26. Bc6 Re7 27. Qxa4 Rxe5
28. Rxe5 Nxe5 29. Rxe5 f4 30. Re8 Rxe8 31. Bxe8 fxg3 32. fxg3 Be3+ 33. Kg2 Qf6
34. Qc2 g5 35. h5 Kf8 36. Bb5 g4 37. Qe2 Qe6 38. Qf1+ Ke7 39. Qe2 Qf5 40. Qf1
Qxh5 41. Qh1 Qg6 42. Qh4+ Kf7 43. Qd8 Bc1 44. Qe8+ Kf6 45. Qxg6+ Kxg6 46. b3
Bxa3 47. Be8+ Kg5 48. Bf7 h5 49. Bxh5 Kxh5 50. Kg1 Bc1 51. Kf1 Kg5 52. Kg2 Kf5
53. Kf1 Ke6 54. Ke2 Kd6 55. Kd1 Be3 56. Ke2 Kc6 57. Kf1 Kb7 58. Ke2 Ka6 59. Kd1
Ka5 60. Kc2 Kb4 0-1

[Event "Open Nord 2016/2017"]
[Site "Meyreuil"]
[Date "2017.01.20"]
[Round "5"]
[White "Chauvet, Joelle"]
[Black "Loysel, Yves"]
[Result "0-1"]
[WhiteElo "1462"]
[BlackElo "1631"]
[PlyCount "124"]

1. d4 f5 2. c4 Nf6 3. Nc3 d6 4. Nf3 g6 5. e3 Bg7 6. Be2 O-O 7. O-O Nc6 8. d5
Nb8 9. Nb5 a6 10. Nbd4 c5 11. dxc6 Nxc6 12. Ng5 Nxd4 13. exd4 h6 14. Nf3 Be6
15. d5 Bd7 16. Nd4 Ne4 17. Ne6 Bxe6 18. dxe6 Nc5 19. Bf3 Qc8 20. Re1 Kh7 21.
Bd5 Rf6 22. Qe2 Qf8 23. Rb1 Rb8 24. b3 Qe8 25. Bb2 Rf8 26. Bxg7 Kxg7 27. f3 b5
28. Qc2 Kh7 29. b4 Na4 30. a3 Nb6 31. Rbc1 Rc8 32. Qd3 Nxd5 33. cxd5 Qd8 34.
Rc3 Qb6+ 35. Kf1 Qb7 36. Rec1 Rxc3 37. Rxc3 Rc8 38. Rxc8 Qxc8 39. Kf2 Qc1 40.
h3 Qb2+ 41. Kg3 Kg7 42. Qe3 g5 43. f4 Kf6 44. fxg5+ hxg5 45. Qf3 Qe5+ 46. Kf2
g4 47. hxg4 Qd4+ 48. Kg3 Qe5+ 49. Kf2 f4 50. Qd3 Kg5 51. Kf3 Qf6 52. Qc2 Qe5
53. Qd3 Kf6 54. Qd2 Qe3+ 55. Qxe3 fxe3 56. Kxe3 Ke5 57. Kf3 Kxd5 58. Kf4 Kxe6
59. g5 d5 60. g6 Kf6 61. g7 Kxg7 62. Ke5 e6 0-1

[Event "Open Nord 2016/2017"]
[Site "Meyreuil"]
[Date "2017.01.20"]
[Round "5"]
[White "Schiano-Lomoriello, Didier"]
[Black "Ribelles, Anthony"]
[Result "1-0"]
[WhiteElo "1579"]
[BlackElo "1397"]
[PlyCount "73"]

1. e4 e5 2. Nf3 Nc6 3. Bb5 a6 4. Ba4 Nf6 5. O-O Nxe4 6. d4 b5 7. Bb3 d5 8. dxe5
Be6 9. Be3 Be7 10. Nbd2 Nc5 11. Rc1 O-O 12. c3 Nd7 13. Bd4 f6 14. Re1 Ncxe5 15.
Bxe5 Nxe5 16. Nxe5 fxe5 17. Rxe5 Bf7 18. Nf3 c6 19. Nd4 Qc7 20. Re1 Bd6 21. g3
Rae8 22. Qg4 Qb6 23. Nf5 Rxe1+ 24. Rxe1 Bg6 25. Ne3 Bc5 26. Bd1 a5 27. Qe2 Be4
28. h3 Rf3 29. Bc2 Qc7 30. Bxe4 dxe4 31. Kg2 Qf7 32. Rf1 Bd6 33. Qd2 Qg6 34.
Qe1 Kh8 35. Ng4 h5 36. Nh2 h4 37. Nxf3 1-0

[Event "Open Nord 2016/2017"]
[Site "Meyreuil"]
[Date "2017.01.20"]
[Round "5"]
[White "Tchifteyan, Philippe"]
[Black "Fastier, Adrien"]
[Result "1-0"]
[WhiteElo "1601"]
[BlackElo "1314"]
[PlyCount "107"]

1. d4 Nf6 2. c4 c5 3. d5 b5 4. b3 b4 5. Bb2 e6 6. dxe6 fxe6 7. Nd2 Bb7 8. Qc2
d5 9. e3 Nbd7 10. Ngf3 Bd6 11. cxd5 exd5 12. Bd3 Qe7 13. Ng5 a5 14. O-O Ng4 15.
Ngf3 h5 16. Bg6+ Kd8 17. h4 Ba6 18. Bd3 Bb7 19. Ng5 Rf8 20. Bf5 Kc8 21. e4 Be5
22. Bxe5 Ngxe5 23. Ne6 Rxf5 24. exf5 Ng4 25. Nf3 d4 26. Neg5 Nde5 27. Nxe5 Qxe5
28. g3 Qd5 29. Qe4 Qxe4 30. Nxe4 Bxe4 31. f3 Ne3 32. fxe4 Nxf1 33. Kxf1 Kd7 34.
Ke2 a4 35. Rb1 axb3 36. axb3 Kd6 37. Kf3 Ke5 38. Rc1 Rc8 39. Re1 c4 40. bxc4
Rxc4 41. Rb1 Rc3+ 42. Kg2 b3 43. g4 Kxe4 44. f6 gxf6 45. gxh5 Rc5 46. Rxb3 Rxh5
47. Rh3 f5 48. Kf2 Kf4 49. Ke2 Ke4 50. Kd2 f4 51. Ke2 Rf5 52. h5 Rf7 53. h6 Rh7
54. Rh4 1-0

[Event "Open Nord 2016/2017"]
[Site "Meyreuil"]
[Date "2017.01.20"]
[Round "5"]
[White "Perdiolat, Francis"]
[Black "Scamaroni, Jean-Paul"]
[Result "0-1"]
[WhiteElo "1464"]
[BlackElo "1596"]
[PlyCount "100"]

1. e4 c5 2. Nc3 Nc6 3. g3 g6 4. Bg2 Bg7 5. d3 d6 6. Nge2 e6 7. O-O Nge7 8. Be3
O-O 9. Qd2 Rb8 10. Bh6 d5 11. Bxg7 Kxg7 12. f3 d4 13. Nd1 e5 14. h3 Be6 15. g4
Ng8 16. f4 exf4 17. Nxf4 Qd7 18. Kh2 Qd6 19. Kg1 h6 20. b3 Ne5 21. Nb2 b5 22.
Rf2 Bd7 23. Raf1 Rbe8 24. Nd5 f6 25. Nd1 g5 26. Re2 Ng6 27. Nf2 Nh4 28. Nh1 Be6
29. Qe1 Nxg2 30. Kxg2 Bxd5 31. exd5 Qxd5+ 32. Kg1 Rxe2 33. Qxe2 Qe5 34. Qf2 Ne7
35. Ng3 Qe3 36. Qxe3 dxe3 37. Re1 Nd5 38. Nf5+ Kg6 39. Nxe3 Re8 40. Kf2 Nf4 41.
Kg3 b4 42. h4 Nd5 43. h5+ Kf7 44. Kf2 Rxe3 45. Rxe3 Nxe3 46. Kxe3 Ke6 47. Ke4
a5 48. d4 cxd4 49. Kxd4 f5 50. gxf5+ Kxf5 0-1

[Event "Open Nord 2016/2017"]
[Site "Meyreuil"]
[Date "2017.01.20"]
[Round "5"]
[White "Mignemi, Denis"]
[Black "Roman, Sylvian"]
[Result "0-1"]
[WhiteElo "1482"]
[BlackElo "1339"]
[PlyCount "42"]

1. d4 Nf6 2. c4 e5 3. dxe5 Ng4 4. Nf3 Bc5 5. e3 Nc6 6. Nc3 Ngxe5 7. Nxe5 Nxe5
8. Be2 O-O 9. O-O a5 10. b3 Ra6 11. Ne4 Ba7 12. Bb2 Re6 13. Ng3 d6 14. Bd4 Bxd4
15. exd4 Ng6 16. f4 Re3 17. Bd3 Rfe8 18. Qc2 Nf8 19. f5 Qh4 20. d5 Qd4 21. Ne2
Rxe2+ 0-1

[Event "Open Nord 2016/2017"]
[Site "Meyreuil"]
[Date "2017.01.20"]
[Round "5"]
[White "Boukhfif, Tarik"]
[Black "Burmonas, Solange"]
[Result "1-0"]
[WhiteElo "1469"]
[BlackElo "1290"]
[PlyCount "47"]

1. d4 d5 2. c4 Nf6 3. Nc3 c6 4. Nf3 Nbd7 5. e3 g6 6. Bd3 Bg7 7. O-O O-O 8. cxd5
cxd5 9. b3 a6 10. Bb2 Re8 11. Ne2 g5 12. Nxg5 Nf8 13. Nf4 Bh6 14. Nfh3 Bxh3 15.
Nxh3 Bg7 16. Kh1 Qd7 17. f4 Ng4 18. Qf3 Nf6 19. Nf2 Rac8 20. g4 h6 21. g5 hxg5
22. fxg5 N6h7 23. Qh5 Qe6 24. Ng4 1-0

[Event "Open Nord 2016/2017"]
[Site "Meyreuil"]
[Date "2017.01.20"]
[Round "5"]
[White "Amoros, Jean"]
[Black "Lupinacci, Patrick"]
[Result "1/2-1/2"]
[WhiteElo "1453"]
[BlackElo "1468"]
[PlyCount "95"]

1. e4 c5 2. d4 cxd4 3. c3 e6 4. cxd4 Nf6 5. Nc3 Bb4 6. a3 Bxc3+ 7. bxc3 Nxe4 8.
Qc2 d5 9. Bd3 Nf6 10. Nf3 O-O 11. Bg5 g6 12. Ne5 Kg7 13. O-O Nbd7 14. Qd2 Kg8
15. Rfe1 Qe8 16. Bh6 Nxe5 17. dxe5 Ng4 18. Bxf8 Qxf8 19. Qg5 Nh6 20. Re3 Nf5
21. Rh3 h6 22. Qf4 g5 23. Qd2 Bd7 24. Rb1 b6 25. Rb4 Qg7 26. g4 Ne7 27. f4 f5
28. Rg3 gxf4 29. Qxf4 Ng6 30. Qd4 f4 31. Rf3 Qxe5 32. Bxg6 Qg5 33. Bh5 Rf8 34.
Rxf4 a5 35. Rxf8+ Kxf8 36. Qf2+ Ke7 37. Rxb6 Qc1+ 38. Kg2 Qxc3 39. Qf7+ Kd8 40.
Rb8+ Kc7 41. Qf4+ e5 42. Qf7 Qd2+ 43. Kf1 Kxb8 44. Qxd7 Qd3+ 45. Ke1 Qc3+ 46.
Kd1 Qa1+ 47. Kc2 Qa2+ 48. Kc1 1/2-1/2

[Event "Open Nord 2016/2017"]
[Site "Meyreuil"]
[Date "2017.01.20"]
[Round "5"]
[White "Bouriel, Michel"]
[Black "Schoeni, Christine"]
[Result "1-0"]
[WhiteElo "1457"]
[BlackElo "1113"]
[PlyCount "79"]

1. Nf3 Nc6 2. c4 d6 3. g3 Bg4 4. Bg2 Nf6 5. O-O e5 6. d3 Be7 7. Nc3 O-O 8. a3
a6 9. b4 Rb8 10. Bd2 Na7 11. Be3 b6 12. a4 Qd7 13. a5 Nc6 14. axb6 cxb6 15.
Rxa6 Nxb4 16. Rxb6 Rxb6 17. Bxb6 d5 18. Nxe5 Qe6 19. Nxg4 Qxg4 20. cxd5 Nbxd5
21. Nxd5 Nxd5 22. Bxd5 Qg6 23. Be3 Rd8 24. Be4 f5 25. Qb3+ Kh8 26. Bg2 h6 27.
Ra1 Bd6 28. Ra8 Bc7 29. Rxd8+ Bxd8 30. Qb8 Qf6 31. Bh3 Kh7 32. Bxf5+ g6 33.
Qa7+ Be7 34. Be4 Kg7 35. Bd4 Kf7 36. Bxf6 Kxf6 37. f4 h5 38. Qb6+ Kf7 39. Qxg6+
Kf8 40. Bd5 1-0

[Event "Open Nord 2016/2017"]
[Site "Meyreuil"]
[Date "2017.01.20"]
[Round "5"]
[White "Pinto, Axel"]
[Black "Hidreau, Olivier"]
[Result "1-0"]
[WhiteElo "1320"]
[BlackElo "1406"]
[PlyCount "116"]

1. e4 e6 2. d3 d5 3. Nd2 c5 4. Ngf3 Nc6 5. g3 Nf6 6. Bg2 Be7 7. O-O e5 8. Re1
d4 9. Nc4 Qc7 10. a4 Bg4 11. Qd2 Nd7 12. h3 Be6 13. Nh2 O-O 14. f4 f6 15. f5
Bf7 16. Qe2 Kh8 17. g4 Bxc4 18. dxc4 a5 19. Nf3 Rg8 20. g5 fxg5 21. Nxg5 Bxg5
22. Bxg5 Nf6 23. h4 Qf7 24. Ra3 g6 25. Rf3 d3 26. Qxd3 Nd4 27. Rf2 Raf8 28. c3
Nc6 29. Qf1 Qg7 30. fxg6 hxg6 31. Bxf6 Rxf6 32. Rxf6 Qh6 33. Qf2 Ne7 34. Rf7
Rg7 35. Rxe7 Rxe7 36. Qf6+ Qg7 37. Qxg7+ Kxg7 38. Rd1 Kf6 39. Bh3 Rc7 40. Rd6+
Kg7 41. Re6 Rf7 42. Rxe5 Rf4 43. Re7+ Rf7 44. Re5 b6 45. Re6 Rf6 46. Re5 Rf4
47. Kg2 Rxh4 48. Kg3 Rh8 49. b4 Rd8 50. bxc5 bxc5 51. Rd5 Rb8 52. Rd3 Kf6 53.
Kf4 g5+ 54. Kg4 Ke5 55. Re3 Rg8 56. Kf3 Rf8+ 57. Bf5 Rh8 58. Rd3 Rh3+ 1-0

[Event "Open Nord 2016/2017"]
[Site "Meyreuil"]
[Date "2017.01.20"]
[Round "5"]
[White "Gourdeau, Marie-Christine"]
[Black "Lognos, Lina"]
[Result "1-0"]
[WhiteElo "1377"]
[BlackElo "1043"]
[PlyCount "59"]

1. e4 c5 2. c3 d6 3. d4 cxd4 4. cxd4 g6 5. Nf3 Bg7 6. Bc4 Bg4 7. Qb3 Bxf3 8.
Qxf3 Nf6 9. Nc3 Nbd7 10. O-O a6 11. Be3 O-O 12. Rac1 b5 13. Bb3 Nb6 14. Rfd1 b4
15. Ne2 Qd7 16. e5 Ng4 17. e6 fxe6 18. Qxg4 d5 19. Nf4 a5 20. Qh3 a4 21. Bc2
Nc4 22. b3 Nxe3 23. fxe3 Ra6 24. Nxg6 Rf6 25. Nf4 Rh6 26. Qg4 axb3 27. axb3 Qd6
28. Nh5 Qxh2+ 29. Kxh2 Rxh5+ 30. Qxh5 1-0

[Event "Open Nord 2016/2017"]
[Site "Meyreuil"]
[Date "2017.01.20"]
[Round "5"]
[White "Gougeon, Hugo"]
[Black "Burmonas, Marc"]
[Result "1-0"]
[WhiteElo "1180"]
[BlackElo "1150"]
[PlyCount "117"]

1. e4 e6 2. Nc3 Nc6 3. Nf3 Bb4 4. Bc4 Nf6 5. a3 Ba5 6. d3 O-O 7. O-O d6 8. Bg5
h6 9. Bh4 a6 10. d4 Qe8 11. Bxf6 gxf6 12. Re1 e5 13. d5 Ne7 14. h3 Bd7 15. Nh2
Ng6 16. Ng4 Bxg4 17. Qxg4 Qc8 18. Qg3 Bb6 19. h4 Kh7 20. h5 Nf4 21. Rf1 Rg8 22.
Qh4 Rxg2+ 23. Kh1 Rg4 24. Qxf6 Qg8 25. Rg1 Nxh5 26. Qf5+ Rg6 27. Qxh5 Bxf2 28.
Rg2 Be3 29. Nd1 Bg5 30. Nf2 f6 31. Rag1 Kg7 32. Nh3 Qh7 33. Nxg5 fxg5 34. Be2
Rf8 35. Bg4 Rgf6 36. Bf5 Qg8 37. Rh2 Qf7 38. Qxf7+ R8xf7 39. Be6 Rf8 40. Kg2
Rf2+ 41. Kh1 Rxh2+ 42. Kxh2 Rf4 43. Bf5 b6 44. Rg3 Rf2+ 45. Kh3 Rxc2 46. Rc3
Rxb2 47. Rxc7+ Kf6 48. Rc6 Rb3+ 49. Kg4 Ke7 50. Kh5 a5 51. Kxh6 b5 52. Rb6 b4
53. axb4 axb4 54. Kxg5 Rg3+ 55. Bg4 b3 56. Kh4 Rc3 57. Bd1 Kd8 58. Rxd6+ Ke7
59. Rb6 1-0

[Event "Open Nord 2016/2017"]
[Site "Meyreuil"]
[Date "2017.01.20"]
[Round "5"]
[White "Renoulet, Francoise"]
[Black "Salvi, Angele"]
[Result "0-1"]
[WhiteElo "1079"]
[BlackElo "1041"]
[PlyCount "66"]

1. c4 c5 2. Nc3 g6 3. g3 Bg7 4. Bg2 Nf6 5. e3 Nc6 6. Nge2 a6 7. O-O O-O 8. a3
d6 9. h3 Bd7 10. b3 Rb8 11. Bb2 Na7 12. d4 Qc7 13. Nd5 Nxd5 14. Bxd5 Bxh3 15.
Re1 b5 16. Nf4 Bd7 17. dxc5 Bxb2 18. Rb1 Bxa3 19. cxd6 Bxd6 20. Nd3 bxc4 21.
Bxc4 Bb5 22. Bd5 Bc6 23. Bc4 Nb5 24. Qd2 Na3 25. Ra1 Nxc4 26. bxc4 Be4 27. c5
Bxc5 28. Nxc5 Qxc5 29. Rxa6 Qc2 30. Qd7 Qd3 31. Qxe7 Qxa6 32. Rd1 Rbe8 33. Qd7
Qe2 0-1

[Event "Open Nord 2016/2017"]
[Site "Meyreuil"]
[Date "2017.02.03"]
[Round "6"]
[White "Pelopidas, Florian"]
[Black "Mamah, Isabelle"]
[Result "1/2-1/2"]
[WhiteElo "1689"]
[BlackElo "1875"]
[PlyCount "52"]

1. d4 Nf6 2. c4 g6 3. Nc3 d5 4. cxd5 Nxd5 5. e4 Nxc3 6. bxc3 Bg7 7. Bc4 O-O 8.
Be3 c5 9. Ne2 cxd4 10. cxd4 Nc6 11. Rc1 Na5 12. Bd3 a6 13. h4 Nc6 14. Bc4 Na5
15. Bd3 b5 16. h5 Bb7 17. hxg6 hxg6 18. Kf1 Nc4 19. Bxc4 bxc4 20. f3 Rc8 21.
Qd2 e5 22. d5 Qd6 23. Bh6 Qf6 24. Bg5 Qd6 25. Bh6 Qf6 26. Bg5 Qd6 1/2-1/2

[Event "Open Nord 2016/2017"]
[Site "Meyreuil"]
[Date "2017.02.03"]
[Round "6"]
[White "Lemarchand, Fabien"]
[Black "Graells, Christian"]
[Result "1-0"]
[WhiteElo "1643"]
[BlackElo "1611"]
[PlyCount "65"]

1. e4 e5 2. Nf3 Nc6 3. Bc4 Bc5 4. b4 Bxb4 5. c3 Be7 6. d4 d6 7. Qb3 Nf6 8. dxe5
dxe5 9. Bxf7+ Kf8 10. Ng5 b6 11. O-O Na5 12. Qa4 Bd6 13. f4 Qe7 14. fxe5 Bc5+
15. Kh1 Qxe5 16. Bd5 Rb8 17. Nf7 Qe7 18. Nxh8 Bd7 19. Qd1 Bd6 20. Nf7 c6 21. e5
Bxe5 22. Qe2 cxd5 23. Ba3 Nc6 24. Bxe7+ Kxf7 25. Bxf6 gxf6 26. Qh5+ Kg7 27. Rf3
Be8 28. Qg4+ Kh8 29. Qe6 Rd8 30. Na3 d4 31. cxd4 Nxd4 32. Qe7 Nc6 33. Qf8# 1-0